The illustrated Dracula : original text /

Bibliographic Details
Main Author: Stoker, Bram, 1847-1912
Format: Book
Language:English
Published: New York : Drake Publishers, 1975.

MARC

Tag First Indicator Second Indicator Subfields
LEADER 00000pam a2200000 i 4500
001 in00000049100
005 20151007065644.0
008 750109s1975 nyua 00011 eng
010 |a  74022562  
020 |a 0877498091 :  |c $12.95 
035 |a (OCoLC)01175893 
035 |9 AAE2417AM 
040 |a DLC  |c DLC  |d TXA  |d UtOrBLW 
049 |a TXAS  |c [1700267] 
050 0 0 |a PZ3.S8743  |b Il3  |a PR6037.T617 
082 0 |a 823/.8 
100 1 |a Stoker, Bram,  |d 1847-1912. 
240 1 0 |a Dracula 
245 1 4 |a The illustrated Dracula :  |b original text /  |c by Bram Stoker. 
264 1 |a New York :  |b Drake Publishers,  |c 1975. 
300 |a 184 pages :  |b illustrations ;  |c 28 cm. 
336 |a text  |b txt  |2 rdacontent 
337 |a unmediated  |b n  |2 rdamedia 
338 |a volume  |b nc  |2 rdacarrier 
500 |a "In this illustrated edition of the classic are stills from the 1930 version of the film." 
999 |a MARS 
999 f f |s a147b592-8836-3118-abd5-58e40ee4740c  |i 01902f4f-ff55-327b-ae52-f3508371ae21  |t 0 
952 f f |p noncirc  |a Texas A&M University  |b College Station  |c Cushing Memorial Library & Archives  |d Cushing: Science Fiction (Does not check out)  |t 0  |e PZ3.S8743 Il3  |h Library of Congress classification  |i unmediated -- volume  |m A14800429081 
998 f f |a PZ3.S8743 Il3  |t 0  |l Cushing: Science Fiction (Does not check out)